<?xml version="1.0" encoding="UTF-8"?>
<collection xmlns:xsi="http://www.w3.org/2001/XMLSchema-instance" xsi:schemaLocation="http://www.loc.gov/MARC21/slim http://www.loc.gov/standards/marcxml/schema/MARC21slim.xsd" xmlns="http://www.loc.gov/MARC21/slim">
 <record>
  <leader>00000cmm a22000004i 4500</leader>
  <controlfield tag="001">UP-99796217611094753</controlfield>
  <controlfield tag="003">Buklod</controlfield>
  <controlfield tag="005">20140128103202.0</controlfield>
  <controlfield tag="006">m    go  j        </controlfield>
  <controlfield tag="007">cr |n |||auu|a</controlfield>
  <controlfield tag="008">101216s2011    xx         u |      eng d</controlfield>
  <datafield tag="020" ind1=" " ind2=" ">
   <subfield code="a">9783642028243(eBook)</subfield>
  </datafield>
  <datafield tag="035" ind1=" " ind2=" ">
   <subfield code="a">(iLib)UPD-00212404047</subfield>
  </datafield>
  <datafield tag="040" ind1=" " ind2=" ">
   <subfield code="a">DML</subfield>
  </datafield>
  <datafield tag="041" ind1="0" ind2=" ">
   <subfield code="a">eng</subfield>
  </datafield>
  <datafield tag="042" ind1=" " ind2=" ">
   <subfield code="a">DMLUC</subfield>
  </datafield>
  <datafield tag="084" ind1=" " ind2=" ">
   <subfield code="a">R 857T55</subfield>
   <subfield code="b">T552 2011eb</subfield>
  </datafield>
  <datafield tag="100" ind1="1" ind2=" ">
   <subfield code="a">Pallua, Norbert.</subfield>
   <subfield code="e">editor.</subfield>
  </datafield>
  <datafield tag="245" ind1="0" ind2="0">
   <subfield code="a">Tissue engineering</subfield>
   <subfield code="h">[electronic resource]</subfield>
   <subfield code="b">from lab to clinic</subfield>
   <subfield code="c">Norbert Pallua, Christoph V. Suscheck, editors.</subfield>
  </datafield>
  <datafield tag="264" ind1=" " ind2="1">
   <subfield code="a">Berlin, Heidelberg</subfield>
   <subfield code="b">Springer Berlin Heidelberg</subfield>
   <subfield code="c">2011.</subfield>
  </datafield>
  <datafield tag="300" ind1=" " ind2=" ">
   <subfield code="a">1 online resource (ix, 634 p.)</subfield>
   <subfield code="b">ill.</subfield>
  </datafield>
  <datafield tag="505" ind1="0" ind2=" ">
   <subfield code="a">BASICS AND PRINCIPLES: Scaffolds: Micro and Nano Technology -- Biomimetic Materials -- Natural and Synthetic Scaffolds: Adhesion, ECM, Structure, Function, Modification -- Cells: Sources, Growth, Differentiation, Trans-Differentiation -- Embryonic Stem Cells: Sources and Characterization -- Adult Stem Cells: Sources and Characterization -- Isolation and Growth -- Differentiation and Plasticity -- Regulation Mechanisms: Key Signaling Molecules -- Cell and Organ preservation -- Engineering Technologies: Animal Models for Evaluation of Tissue Engineering Constructs -- Biomedical Imaging and Image Processing -- Bioreactors for Tissue Engineering -- Drug delivery -- Gene Therapy -- OROGANS: Liver -- Musculoskeletal Tissues -- Lung -- CNS -- Peripheral Nervous System -- Nephrons -- Biohybrid organs -- Heart and Cardiovascular Engineering -- Eye/Retina -- Respiratory Systems Engineering -- Ear -- Skin -- TISSUE TYPES: Adipose Tissue -- Blood Substitutes -- Angiogenesis and Vascularization -- Bone Tissue -- Brain Tissues -- Cartilage Tissue -- Pancreatic Tissues -- Tendons -- Tissue Engineering in Reproductive Medicine, of Heart Valves, in Oral and Maxillofacial Surgery -- Uro-Gital System/Bladder Tissue.</subfield>
  </datafield>
  <datafield tag="506" ind1=" " ind2=" ">
   <subfield code="a">IP-based subscription, access limited to within on-campus computer network.</subfield>
   <subfield code="c">Access via Electronic Resources of the UPD University Library Website.</subfield>
  </datafield>
  <datafield tag="520" ind1=" " ind2=" ">
   <subfield code="a">Tissue engineering is a multidisciplinary field incorporating the principles of biology, chemistry, engineering, and medicine to create biological substitutes of native tissues for scientific research or clinical use. Applications of this technology include studies of tissue development and function, investigations of drug response, and tissue repair and replacement. Tissue engineering is rapidly becoming one of the most promising treatment options for patients suffering from tissue failure. This abundantly illustrated and clearly structured guide, written by leading experts, is intended to serve as a reference for all clinicians and researchers who deal with tissue engineering issues in their daily practice and for students studying tissue engineering at both the undergraduate and the graduate level. It will also be invaluable for professionals in related research areas, particularly those where cell and tissue culture is a new or emerging tool. The book is divided into three sections that present the latest findings in tissue engineering and their application in clinical practice. The first section discusses the basics and principles of tissue engineering, including scaffolds, cells, and technologies. The second and third sections then address in detail the tissue engineering of specific organs and tissue types. A visual approach is emphasized throughout, with numerous self-explanatory graphics, diagrams, and photos.</subfield>
  </datafield>
  <datafield tag="533" ind1=" " ind2=" ">
   <subfield code="a">Electronic reproduction.</subfield>
   <subfield code="b">New York</subfield>
   <subfield code="c">SpringerLink</subfield>
   <subfield code="d">2011.</subfield>
   <subfield code="n">Available via World Wide Web through Springerlink.</subfield>
  </datafield>
  <datafield tag="650" ind1=" " ind2="0">
   <subfield code="a">Tissue engineering.</subfield>
  </datafield>
  <datafield tag="650" ind1=" " ind2="0">
   <subfield code="a">Electronic books.</subfield>
  </datafield>
  <datafield tag="700" ind1="1" ind2=" ">
   <subfield code="a">Suscheck, Christoph V.</subfield>
   <subfield code="e">editor.</subfield>
  </datafield>
  <datafield tag="710" ind1="2" ind2=" ">
   <subfield code="a">SpringerLink (Online service).</subfield>
  </datafield>
  <datafield tag="856" ind1="4" ind2="0">
   <subfield code="z">Available for University of the Philippines Diliman via SpringerLink. Click here to access</subfield>
   <subfield code="u">http://link.springer.com/book/10.1007/978-3-642-02824-3</subfield>
  </datafield>
  <datafield tag="856" ind1=" " ind2=" ">
   <subfield code="a">(viewed 16 June 2014)</subfield>
  </datafield>
  <datafield tag="905" ind1=" " ind2=" ">
   <subfield code="a">FO</subfield>
  </datafield>
  <datafield tag="950" ind1=" " ind2=" ">
   <subfield code="a">Monograph</subfield>
  </datafield>
  <datafield tag="852" ind1="0" ind2=" ">
   <subfield code="a">UPD</subfield>
   <subfield code="b">DMLR</subfield>
  </datafield>
  <datafield tag="942" ind1=" " ind2=" ">
   <subfield code="a">Electronic Resource</subfield>
  </datafield>
 </record>
</collection>
